[Event "WCPL 1920"]
[Site "?"]
[Date "2019.10.20"]
[Round "1.15"]
[White "Heap, Gerry"]
[Black "Hewitt, William"]
[Result "1-0"]
[WhiteElo "2108"]
[BlackElo "2004"]
[PlyCount "113"]
[EventCountry "WLS"]
[SourceVersionDate "2019.10.22"]
[WhiteTeam "Cardigan"]
[BlackTeam "White Knights"]

{[%evp 0,113,27,-12,-8,-2,57,9,12,12,12,23,28,28,31,-8,-7,-5,-1,-21,-8,-39,-36,
-18,-58,-66,-38,-51,-49,-73,-117,-89,-36,-101,4,29,23,1,75,34,34,40,40,32,43,
43,42,40,70,34,37,38,40,38,34,30,60,42,58,33,38,0,0,48,60,81,61,61,61,74,96,90,
218,234,232,166,166,182,201,210,210,185,185,181,189,185,185,185,221,188,176,
191,171,171,171,149,171,171,171,171,171,171,171,171,171,171,171,153,171,279,
282,282,289,289,701,735]} 1. c4 Nf6 (1... e5 2. Nc3 Nf6 3. g3 (3. Nf3 Nc6 4. e4
d6 5. h3 g6 6. d3 Bg7 7. Be3 O-O 8. Qd2 Ne8 9. Bh6 {Heap-Hewitt, West Wales Op
2017,1-0}) 3... d5 4. cxd5 Nxd5 5. Bg2 Nb6 6. Nf3 Nc6 7. a3 Be7 8. b4 Be6 9.
Rb1 f6 {Heap-Hewitt, Dyfed Closed 2015,1/2-1/2}) 2. Nc3 g6 3. g3 Bg7 4. Bg2 d6
5. Nf3 O-O 6. O-O (6. d3 Nc6 7. Rb1 Bg4 8. b4 d5 9. b5 Na5 10. cxd5 Nxd5 11.
Nxd5 Qxd5 12. Qa4 Qc5 13. O-O {Heap-Hatchett, Dyfed Open 2014,1-0}) 6... e5 7.
d3 Nc6 8. Rb1 a5 9. a3 Re8 (9... h6 {main}) 10. b4 (10. Bg5) (10. Nd2 {main
lines}) 10... axb4 11. axb4 e4 12. dxe4 Nxe4 13. Nxe4 Rxe4 14. Ng5 {40% for Wh}
(14. Nd2 Re8 {main, though only scores 17% for Wh}) (14. b5 {54% Wh}) 14... Rd4
$15 {main, chosen by both Stockfish10 & Komodo13; but 70% for Wh} (14... Re7 {
1 draw,2 Bl wins}) (14... Re8 {2 Bl wins}) 15. Qb3 {1.5-0.5} (15. Qc2 {2-1})
15... h6 (15... Bf5 16. e4 Bg4 $11 {Cloud Engines}) (15... Ne5 16. Be3 Rxc4 17.
Nxf7 Kxf7 18. f4 Be6 19. fxe5+ Kg8 20. Bxb7 d5 21. Bxa8 Qxa8 22. Ra1 {
Heasman-Britton, London SCCU op 1993,1-0}) 16. e3 hxg5 {Cloud Engines} (16...
Rg4 17. Ne4 Qe8 18. f4 Bf5 19. Nf2 Bxb1 20. Qxb1 h5 21. b5 Nd8 22. Nxg4 hxg4
23. Qd3 $14 {Komodo13}) (16... Bf5 17. exd4 (17. Nxf7 $1 $16 {Fritz16 &
Komodo13}) 17... Nxd4 18. Qe3 (18. Nxf7 Nxb3 19. Nxd8 Bxb1 20. Nxb7 $14 {
Komodo13}) 18... Bxb1 19. Nxf7 Kxf7 20. Bd5+ Kf8 21. Bb2 c6 22. Bxd4 cxd5 23.
Rxb1 dxc4 24. Qf3+ $18 {Grigorian-Bannik, Kiev KM 1960, 1/2-1/2}) 17. exd4 $14
{Komodo13} (17. Bxc6 {Fritz16} Rh4 {Cloud Engines} 18. Bg2 Rh6 $14 {Komodo13})
17... Nxd4 $11 18. Qd1 (18. Qe3 Bf5 19. Rb2 $11 (19. Bb2 $11 {Komodo13})) 18...
Ra2 (18... Bf5 $11 {Cloud Engines}) 19. Bb2 $14 (19. Rb2) 19... c5 {cements
the d4 square, but leaves b7 vulnerable} (19... Bf5 20. Bxd4 Bc2 21. Qf3 Bxd4
$14 {Cloud Engines}) 20. Bxd4 (20. Bd5 {Cloud Engines}) 20... Bxd4 21. Qb3 Re2
22. bxc5 dxc5 23. Bf3 $16 {Cloud Engines} Re7 24. Bd5 (24. Rfe1 {Cloud Engines}
) 24... Kg7 (24... Qe8 $11 {Cloud Engines}) 25. Rfe1 Bf5 26. Rxe7 Qxe7 27. Rf1
(27. Rd1 {Fritz16 & Komodo13}) (27. Qxb7 {Rudy- a desirable pawn to have} Qf6
$11 28. Be4 (28. Rd1 Bxf2+) 28... Be6 29. Bf3 g4 30. Bd5 Qxf2+ 31. Kh1 Qf5 32.
Bxe6 Qxe6 33. Qd5 Qe2 $11 {Komodo13}) 27... Bh3 28. Bg2 Bxg2 (28... Bc8 $14)
29. Kxg2 Qe2 30. h3 (30. Qxb7 $16 {Komodo10 & Komodo13}) 30... b6 $11 31. Qxb6
Qxc4 (31... Qe4+ 32. Kh2 Qe2 33. Kg2 Qe4+ $11 {all 3 Engines}) 32. Qc6 $16 (32.
Qd8 Bf6 33. Qd1 Bd4 34. Qf3 $16) 32... Qe2 33. Qd5 Qd2 34. Qf3 Qb2 (34... Qb4)
35. Re1 c4 {looks like its best keeping the pawn on c5 , so the B can stay in
the centre.} 36. Re7 $18 Bf6 37. Qb7 (37. Rc7 {Komodo13} Qb5 38. Qe4 Be5 (38...
c3 39. Qe6 $18) 39. Qxc4 $18) 37... Qxb7+ 38. Rxb7 $18 Be5 39. Kf3 c3 {Quite
often an outside pawn for an exchange can drasw, but here the Wh K & R can
work together effectively. It would have helped Bl to still be able to have
the B firmly anchored on d4 to keep f2 under observation.} 40. Ke2 (40. Rb5 f6
41. Ke4 Kf7 42. Kd3 Ke7 {Komodo13- though Bl looks like might well hold this})
40... Kf6 (40... c2 {Komodo13} 41. Kd2 Bc3+ $1 42. Kxc2 Be1 43. f4 Bxg3 44.
fxg5 Bh4 45. Rb5 f5 46. gxf6+ Kxf6 {is a draw-Nalimov tablebases}) 41. Kd3 (41.
Rb6+ Ke7 42. Kd3) 41... Ke6 42. Rb1 (42. Ra7) 42... Kf5 43. Re1 f6 $2 {usually
it's best not to make any pawn moves unless forced to do so. This takes away
several squares from the B , weakens g6 & allows the R to control all of the
seventh rank. So, this seems to be the losing move.} (43... Bf6 44. Re4 Be5 45.
Rc4 Ke6 46. Rc6+ Ke7 47. Ke4 Bg7 48. Kd5 Bf6 49. Rc7+ Kd8 50. Rc4 Kd7 {and
there is no easy way for Wh to break through- the K has no entry points (
Komodo13 nudged)}) 44. Re2 g4 {this forced though, because of zugzwang} (44...
Ke6 45. f4 {wins a B}) 45. h4 Ke6 46. Re4 f5 {a general principle is that
pawns are often best not on the same colour as their, however in certain cases
it means the b is unable to protect them if need be.} 47. Ra4 {R as far awy
from the enemy K as possible} (47. Rc4) 47... Kf7 {the g pawn needs protection}
48. Ra6 Kg7 49. Re6 Bf6 50. Rc6 Kf7 51. Kc4 {the K enters anyway} Be5 52. Kd5
Bf6 (52... Bg7 53. Rc7+ Kf8 (53... Kf6 54. Rxc3)) 53. Rc7+ Kg8 54. h5 {
demolishing the fragile Bl pawn structure} gxh5 55. Ke6 Bd4 56. Kxf5 Bxf2 {
shortens the game} (56... Kf8 57. Kg6 Ke8 58. Kxh5 Bxf2 59. Rxc3 Kf7 60. Kxg4 {
is a simple win, though it takes a little time}) 57. Kg6 $1 (57. Kg6 Kh8 (57...
Kf8 58. Rf7+ Ke8 59. Rxf2) 58. Rc8#) 1-0

[Event "WCPL 1920"]
[Site "?"]
[Date "2019.10.20"]
[Round "1.16"]
[White "Heaven, Pete"]
[Black "Van Kemenade, Rudy"]
[Result "1/2-1/2"]
[WhiteElo "1995"]
[BlackElo "1885"]
[Annotator "kemen"]
[PlyCount "42"]
[EventCountry "WLS"]
[SourceVersionDate "2019.10.22"]
[WhiteTeam "White Knights"]
[BlackTeam "Cardigan"]

{[%evp 0,42,27,8,8,39,41,-9,45,35,34,-9,16,8,-9,25,22,-6,16,14,35,35,39,-3,20,
87,70,70,70,70,70,68,70,77,76,85,121,71,58,42,59,59,42,33,43]} 1. e4 e5 2. Nf3
Nf6 3. Nxe5 {The structure of the 2 opposing teams is such that White Knights
can choose their board order on the top 5, while Cardigan has no such
flexibility. Hence Wh was able to prepare very specifically for this opponent,
that is assuming Bl would indeed play the Petroff (decined on a couple of
previous encounters)} d6 4. Nf3 Nxe4 5. d4 d5 6. Bd3 Nc6 7. O-O (7. h3 Bf5 8.
O-O Be7 9. c4 Nb4 10. Bxe4 Bxe4 11. Na3 O-O 12. c5 Bf6 $17 {Heaven-Van
Kemenade,WLS blitz 2019,1-0}) 7... Bg4 8. c4 Nf6 9. Nc3 Bxf3 10. Qxf3 Nxd4 11.
Qh3 (11. Qe3+ {played in Kasparov-Karpov world ch match 1986, 1/2-1/2; amongst
others afterwards Heap-Van Kemenade, WLS ch 2009,0-1}) 11... Ne6 (11... Ne6 {
'valuable novelty' Karpov -Winning with the Petroff 1993:60}) (11... dxc4 {main
} 12. Bxc4 Qd7 (12... Be7 13. Be3 O-O 14. Rad1 c5 15. Rfe1 Qc8 {D Roberts-Van
Kemenade, WLS ch 2009,0-1}) 13. Qe3+ Be7 14. Rd1 O-O-O 15. Nd5 Nxd5 16. Qxd4
Nb6 17. Qxd7+ Rxd7 18. Rxd7 Kxd7 19. Bxf7 Bc5 20. Be3 Bxe3 21. fxe3 Rf8 $15 {
Hewitt-Van Kemenade,WCPl White Knights-Cardigan 2012, 0-1}) 12. cxd5 Nxd5 13.
Bb5+ (13. Re1 Nxc3 14. bxc3 Qf6 15. Bf5 Be7 16. Be3 h6 17. Bxe6 fxe6 18. Bd4
Qf7 19. Rxe6 O-O 20. Qg3 $2 Bh4 $19 {J Howell (IM)-Van Kemenade, Sheffield
1991, 0-1; Chess Informant 52/301}) (13. Bg6 Qd7 14. Re1 {1.5-0.5 in corr})
13... c6 14. Rd1 cxb5 15. Rxd5 Qc8 16. Be3 Be7 (16... Bb4 17. Nxb5 O-O 18. Rc1
Qe8 19. Qg4 Be7 20. Nc7 $16 Nxc7 {2-0 corr}) (16... a6 17. Rc1 $18 Qc6 (17...
Qb8 18. Ne4 {1-0} Be7 19. Nc5 Bxc5 20. Bxc5 Nxc5 21. Re1+ Kf8 22. Rxc5 {
Elburg-Della Valle, IECG email 2001,1-0}) 18. Qf5 {Vojna-Strautins, Lascurain
mem corr, Cuba 1994,1-0}) (16... Qc4 17. Rxb5 Bb4 18. Rxb7 Bxc3 19. bxc3 O-O
20. Rb3 Rad8 {Sakai-Della Valle, IECG 2003,1/2-1/2}) (16... Qc6 $14 {given by
various Cloud Engines} 17. Rxb5 $16 {Stockfish10 & Komodo13}) 17. Nxb5 {
Komodo10} (17. Rxb5 Qc6 (17... O-O 18. Rc1 Rd8 19. Qf3 b6 $14 {Komodo13}) 18.
a4 $16 {Stockfish10}) (17. Rc1 {Franzsen, played in blitz games against Bl ,
0-2 though not direct result of opening}) 17... Qc6 {Stockfish10} (17... Qc4 {
Fritz13}) 18. Rad1 (18. Qf5 {Fritz13} O-O 19. Nxa7 Qa4 20. Nb5 Qb4 $11 {
Komodo13- Bl will regain the pawn with the backrank threats}) 18... O-O 19. Nc3
(19. Qf3 $14 {Cloud Engines}) 19... Rfd8 (19... Bf6 $11 {Stockfish10 & Komodo13
}) 20. Qf5 a6 $11 (20... Rxd5 $11) 21. Rxd8+ Rxd8 $11 {(draw?)} 1/2-1/2

[Event "WCPL 1920"]
[Site "?"]
[Date "2019.10.20"]
[Round "1.17"]
[White "Bennett, Roger"]
[Black "May, Adam J"]
[Result "0-1"]
[WhiteElo "1866"]
[BlackElo "1924"]
[PlyCount "66"]
[EventCountry "WLS"]
[SourceVersionDate "2019.10.22"]
[WhiteTeam "Cardigan"]
[BlackTeam "White Knights"]

{[%evp 0,4,36,-16,-12,-10,14]} 1. b3 {Mark Adams recalled Roger playing this
some 30 years before} d5 (1... e5) 2. Bb2 Bg4 {a sort of pseudo-Trompovsky
Reversed, which has its recent top GM proponents} (2... Nf6 {main}) 3. h3 Bh5
4. g4 Bg6 5. Bg2 c6 (5... e6 {main}) 6. e3 (6. Nf3 {main}) (6. d3) 6... Nd7 (
6... h5 7. g5 Nd7 8. f4 e6 9. d3 Qb6 (9... e5 10. Nf3 Qb6 11. Qe2 exf4 12.
exf4+ Ne7 13. Nbd2 O-O-O 14. Nh4 Nf5 15. Nxf5 Bxf5 16. O-O-O Bb4 17. Bxg7 Rde8
18. Qf1 Qa5 19. a4 Nc5 20. Nb1 Rhg8 21. Be5 b5 22. c3 (22. axb5 Rxe5 23. fxe5
Ba3+ 24. Nxa3 Qxa3+ 25. Kd2 Rxg5 $11 {Komodo13}) 22... Nxb3+ $19 {Blatny(2389)
-Jankovic(2575), Niederoesterreich Landesliga 2016,0-1}) 10. Qe2 Bc5 11. d4 Bd6
12. Nc3 Ne7 13. Nf3 Nf5 14. Kf2 h4 15. Rhe1 f6 16. Qd2 O-O-O 17. e4 Ng3 18. Na4
Qc7 19. e5 Be7 20. Kg1 Ne4 $19 {Anilkumar- Abdulla. Hyderabad op 2006,0-1}) 7.
h4 (7. Nf3 e6 8. d3 (8. Nc3 Bd6 9. Ne2 e5 10. Ng3 e4 11. Nd4 {o^ons
Servera-Munar Rosello, Mallorca ch tm 2012,1/2}) 8... h5 9. Nbd2 $11 {2 draws,
1 Bl win}) 7... h5 8. g5 e5 9. Ne2 Qc7 10. d3 Bd6 11. Qd2 Ne7 12. Nbc3 {
the Wh position is that of a Reversed Hippopotamous} O-O-O 13. a4 (13. O-O-O {
would be much safer- the Q side attack that Wh wants to carry can still be
worked for later on ( once the K has been moved to a1).Bl has a pawn centre;
but the moment it moves forward Wh can close up the position with the
adjoining pawn} Rhe8 14. Kb1 Kb8 15. Bh3 $11 {Komodo13}) 13... Qa5 (13... Bb4)
(13... Nc5) 14. Ba3 (14. Na2 Qxd2+ (14... Qc7 15. O-O-O) 15. Kxd2 Kc7 $11 {
Komodo13}) 14... Bxa3 15. Rxa3 Rhe8 16. b4 $5 {sacrificing a pawn to open the
b file. It should give compensation normally, but here the Wh pieces are not
quite in the best places to followup.} (16. Ng3 Kb8 17. Nce2 Qc7 18. b4 Qd6 19.
Rb3 $15 {Komodo13- achieves some of the same objectives, while retaining b5 as
a possibility}) 16... Qxb4 17. Rb3 Qd6 18. O-O {Wh needs to use the h rook,
but Bl, with more control over the centre should find it easier to attack the
K than the other way round.} Nf5 (18... Nc5 19. Rb2 d4 20. exd4 exd4 21. Ne4
Bxe4 22. Bxe4 Nxe4 23. dxe4 Ng6 {and the Wh K position is more exposed than
the Bl one-Komodo13}) 19. Rfb1 Nc5 20. Rb4 Re7 21. Bh3 (21. Ng3 $5) 21... Ne6 (
21... Kb8 {Komodo13-the B pin is more annoying than the b file action} 22. Bxf5
Bxf5 23. Ng3 Bg6 24. e4 dxe4 25. Ncxe4 Nxe4 26. Nxe4 Bxe4 27. Rxe4 f5 28. gxf6
gxf6 29. Qh6 Qe6 30. Kh2 Qf5 $17 {the Wh K remains more exposed than the Bl
one, but there is a lot of play left with the heavy pieces for both sides}) 22.
a5 {The position is a difficult one, where it is far from clear what the best
line of play for both sides is.} (22. Bxf5 Bxf5 23. e4 dxe4 24. Ng3 Bg4 25.
Ngxe4 Qb8 26. Ne2 Nd4 $17 {Komodo13}) 22... e4 (22... Kb8 $17 {Komodo13}) 23.
Bxf5 Bxf5 24. Ng3 (24. dxe4 dxe4 (24... Bxe4 25. Nxe4 dxe4 26. Qxd6 Rxd6 27.
Ng3 g6 28. Nxe4 Rd5 $11 {Komodo13}) 25. Qxd6 Rxd6 26. Ng3 Bg4 27. Ngxe4 Rd8 28.
Kg2 $11 {Komodo13}) 24... Bg6 (24... Bg4 $15) 25. d4 $6 {the usual reaction in
a Hippo, to close the centre to allow side attacks to continue. Here ,though,
it is best for Wh to regain the pawn} (25. dxe4 dxe4 (25... d4 26. Nce2 c5 27.
R4b2 Qc6 28. f3 dxe3 29. Qxe3 $11) 26. Qxd6 Rxd6 27. Ngxe4 $11 (27. Rc4 $11 {
Komodo13})) 25... f5 {and it is Bl who can advance faster} 26. Na4 Rf8 (26...
f4 $19 {too many holes in the Wh K position}) 27. Qc3 (27. Nc5 $5) 27... f4 $19
28. a6 (28. Ne2 fxe3 29. fxe3 Ref7 $19 {it will be very difficult to bring
back any Wh forces to come to the aid of their K}) 28... fxg3 (28... b5 $2 29.
Rxb5 $18) (28... b6 {is fine as the sacrifice comes too late} 29. Nxb6+ axb6
30. Rxb6 Rc7 31. Ne2 Kd7 {and the extra piece wins in the long run}) 29. axb7+
Kb8 {the Bl K shelters happily behind the Wh pawn} 30. Qa3 (30. Nc5 gxf2+ 31.
Kf1 Nxc5 32. dxc5 Qh2 {and Wh gets mated soon}) 30... gxf2+ 31. Kf1 Qg3 32. Ke2
f1=Q+ 33. Rxf1 Qg2+ {[%emt 0:00:02] mate in} 0-1

[Event "WCPL 1920"]
[Site "?"]
[Date "2019.10.20"]
[Round "1.18"]
[White "Bevan, Peter M"]
[Black "Watkin-Jones, Adam"]
[Result "1/2-1/2"]
[WhiteElo "1889"]
[BlackElo "1792"]
[Annotator "kemen"]
[PlyCount "116"]
[EventCountry "WLS"]
[SourceVersionDate "2019.10.22"]
[WhiteTeam "White Knights"]
[BlackTeam "Cardigan"]

{[%evp 0,14,21,-13,-26,-79,-51,-35,32,14,-6,-9,13,-24,-4,-12,6]} 1. c4 e5 2. g3
Nc6 3. Nc3 g6 4. Bg2 Bg7 5. d3 d6 6. e4 Be6 (6... Nge7) (6... f5 {main lines})
(6... h5 7. h3 f5 8. Nge2 h4 9. Be3 Nd4 10. exf5 gxf5 11. Qd2 c6 12. Bg5 Bf6
13. gxh4 Ne6 14. Bxf6 Qxf6 15. O-O-O Rxh4 {Bevan-Van Kemenade, WLS Seniors
2016,0-1}) 7. Nge2 Qd7 8. O-O (8. Nd5 Nce7 9. d4 c6 10. Ne3 Bh3) 8... f5 (8...
Bh3) (8... h5 {main lines} 9. h4 Bh3 10. Nd5 Bxg2 11. Kxg2 Nf6 12. Bg5 Nxd5 13.
cxd5 Ne7 14. Qd2 c5 15. dxc6 bxc6 16. d4 exd4 17. Nxd4 c5 18. Ne2 Rb8 19. Rab1
Nc6 20. Rfd1 Nd4 {Bevan-Lewis,S Wales New Year, Bridgend 2014,1/2-1/2}) 9. Nd5
Nge7 (9... Nf6 10. Bg5 O-O {229 games}) 10. Bh6 (10. Be3) 10... O-O 11. Bxg7
Kxg7 {21 games by transposition} 12. d4 (12. Qd2) (12. f4) 12... fxe4 13. Nxe7
Nxe7 14. dxe5 dxe5 (14... Bxc4 15. Qd4 $18 {Komodo13}) 15. Qxd7 Bxd7 16. Bxe4
$11 {though 2.5-0.5} Bc6 (16... c6 17. Rad1 Be6 18. b3 Rad8 19. Kg2 Bf5 20. Nc3
Rd4 21. Bxf5 Nxf5 22. Rde1 {Gschwendtner-Priborky, Schneider Bohemia op, Plzen
2000, draw agreed}) 17. Nc3 Rfd8 (17... Rad8 $11 {Stockfish10 & Komodo13} 18.
Rad1 (18. Bxc6 Nxc6 19. Nd5 Rd7 20. Kg2 Nd4 21. Rad1 c6 22. Ne3 Rdf7 23. c5 Ne6
24. b4 {Duong Thank Nha-Southam, Toronto op 1998,1-0}) 18... Rd4 19. Bxc6 Nxc6
{Braun-Siegert, Bayern ch, Wildflecken 1993,1-0}) 18. Rad1 a6 (18... Bxe4 19.
Nxe4 Nf5 $11 {both Engines}) (18... Rd4 $11 {preferred a little later by
Komodo13}) 19. Rfe1 Rd4 20. Rxd4 exd4 21. Nd5 (21. Bxc6 Nxc6 22. Nd5 $16 {
both Engines}) 21... Bxd5 22. cxd5 Rd8 {Stockfish10 & Komodo13} (22... Kf6 {
Komodo13; pm analysis} 23. f4 Rd8 24. Rd1 Nxd5 25. Rxd4 c6 $11) 23. d6 (23. Rd1
Nxd5 24. Rxd4 c6 25. f4 Kf6 $11 {both Engines}) (23. Rc1 {pm analysis} Nxd5 24.
Bxd5 Rxd5 25. Rxc7+ Kf6 26. Kf1 d3 27. Ke1 Re5+ {Komodo13} 28. Kd2 (28. Kd1 b5
29. Rxh7 Re2 $11) 28... Re2+ 29. Kxd3 Rxb2 30. Rxh7 b5 $11 {Komodo13}) 23...
Rxd6 24. Bxb7 Kf6 $11 {both Engines} 25. Bf3 Nc6 (25... Nd5 {both Engines} 26.
Rc1 (26. Rd1 Nb6 27. b3 (27. Rc1 Na4) 27... c5 28. Kf1 (28. Rc1 d3 29. Rxc5 d2
30. Bd1 Re6 31. Kg2 Re1 32. Bg4 Nd7 33. Rc6+ Ke7 34. f4 d1=Q (34... a5 35. Ra6)
35. Bxd1 Rxd1 36. Rxa6 Rd2+ 37. Kh3 Rb2 $15) 28... a5 29. Rc1 Nd7 $11) 26... d3
27. Kf1 Nb4 28. a3 d2 29. Rd1 Na2 30. Be4 Nc1 $11 {Komodo13}) 26. Be4 Ne5 27.
f3 (27. b3 c5) 27... d3 (27... c5) (27... Nc4) 28. b3 c5 29. Rd1 d2 30. Kf2 c4
31. bxc4 Nxc4 32. Ke2 Ke5 (32... Re6 33. Kf2 Rd6 $11 {both Engines}) 33. Bd3
Kd4 (33... Rc6 34. Bxc4 Rxc4 35. Rxd2 Ra4 $14 {both Engines}) 34. Bxc4 Kxc4 35.
Rxd2 $16 Re6+ 36. Kf2 a5 (36... g5 {Komodo13}) 37. f4 a4 38. Kf3 (38. g4 $16 {
both Engines}) 38... Kc3 39. Rf2 a3 (39... h5 $14 {both Engines}) 40. g4 Rb6
41. f5 $18 h5 42. h3 $18 {Stockfish10} (42. Ke4 $1 $18 {Komodo13}) (42. g5 Kd4
(42... gxf5 43. Rg2 Rg6 44. Kf4 $18) 43. f6 $18 {Komodo13}) 42... hxg4+ 43.
hxg4 gxf5 44. gxf5 Kd4 45. Kg4 $2 {allowing the Bl K to approach leaves it
drawn} (45. Kf4 {wins- Lomonosov tablebases}) 45... Ke5 $11 46. Rf3 Kf6 47.
Rxa3 Rb4+ 48. Kf3 Kxf5 {even if Rs swap off- the a pawn ending is still a draw}
49. Re3 Rf4+ 50. Kg3 Rg4+ 51. Kh3 Re4 52. Rc3 Ke5 53. Kg3 Kd5 54. Kf3 Rc4 55.
Rb3 Kc5 56. Ke3 Rb4 57. Rc3+ Kb5 58. Kd2 Rb2+ 1/2-1/2

[Event "WCPL1920"]
[Site "?"]
[Date "2019.12.01"]
[Round "2.1"]
[White "Morris, Charles F"]
[Black "Musson, Adam J"]
[Result "0-1"]
[WhiteElo "2076"]
[BlackElo "2020"]
[PlyCount "100"]
[EventDate "2019.10.??"]
[EventType "team-tourn"]
[EventCountry "WLS"]
[SourceVersionDate "2019.10.22"]
[WhiteTeam "Abergavenny"]
[BlackTeam "Nidum"]

{[%evp 0,100,16,-12,3,-66,-59,-48,-43,-57,-36,-38,-32,-31,-5,-19,-19,-19,-12,
-12,-16,-2,-9,2,3,12,20,-26,9,16,6,-18,-22,-58,-62,-36,-15,13,24,13,20,41,39,
-15,32,11,1,3,58,58,65,52,71,15,-4,3,36,25,37,12,47,35,0,2,74,74,22,-47,-5,-16,
-18,-24,-18,-18,-43,-55,-24,-24,13,0,0,-33,-33,-60,-50,-168,-641,-641,-686,
-686,-729,-795,-858,-917,-922,-922,-29978,-29979,-29976,-29977,-996,-996,-1073]
} 1. c4 e5 2. g3 Nf6 3. Bg2 h6 4. e3 Nc6 5. Nc3 Bb4 6. Nge2 O-O 7. a3 Bxc3 8.
Nxc3 d6 9. O-O Bf5 10. d3 Qd7 11. Nd5 Nxd5 12. cxd5 Ne7 13. f4 Bg4 14. Qb3 c6
15. e4 cxd5 16. f5 dxe4 17. dxe4 Nc6 18. Be3 Kh7 19. h3 Be2 20. Rf2 Ba6 21. Rd1
Na5 22. Qb4 Nc4 23. Bc1 Rfd8 24. b3 Nb6 25. Be3 Rac8 26. Bxb6 axb6 27. Qxb6 Rc6
28. Qb4 Qc7 29. Kh2 Rc5 30. a4 f6 31. Rfd2 b5 32. Bf1 Qc6 33. Rd5 Rc2+ 34. R1d2
Rxd2+ 35. Rxd2 bxa4 36. Bxa6 Qxa6 37. bxa4 Ra8 38. Ra2 Rc8 39. Qb3 Rc4 40. Qd3
Qc6 41. a5 Rxe4 42. a6 Re1 43. g4 Qh1+ 44. Kg3 Qg1+ 45. Kh4 Re3 46. Qxe3 Qxe3
47. a7 Qe1+ 48. Kh5 Qe3 49. Kh4 g5+ 50. fxg6+ Kxg6 0-1

[Event "WCPL1920"]
[Site "?"]
[Date "2019.12.01"]
[Round "2.2"]
[White "Morris, Gareth"]
[Black "May, Frank"]
[Result "1-0"]
[WhiteElo "2013"]
[BlackElo "2029"]
[PlyCount "77"]
[EventDate "2019.10.??"]
[EventType "team-tourn"]
[EventCountry "WLS"]
[SourceVersionDate "2019.10.22"]
[WhiteTeam "Nidum"]
[BlackTeam "Abergavenny"]

1. d4 e6 2. c4 Bb4+ 3. Nd2 Nf6 4. e3 O-O 5. Bd3 d6 6. a3 Bxd2+ 7. Bxd2 e5 8. h3
exd4 9. exd4 Re8+ 10. Ne2 d5 11. c5 b6 12. b4 Ne4 13. Be3 Bf5 14. O-O Nc6 15.
Rc1 Ne7 16. Qc2 Bg6 17. Nf4 Nf5 18. Qa2 Nxe3 19. fxe3 Nf6 20. Nxg6 hxg6 21. Qf2
Re7 22. Rce1 Qd7 23. Qf4 Rf8 24. Rc1 Rfe8 25. Rfe1 Ne4 26. b5 g5 27. Qf3 f5 28.
cxb6 axb6 29. Qh5 Qd6 30. Bxe4 Rxe4 31. Qxg5 Qxa3 32. Rxc7 Qf8 33. Kf2 R8e7 34.
Rxe7 Rxe7 35. Rc1 Rf7 36. g3 Qe8 37. Qg6 Qxb5 38. Rc8+ Rf8 39. Qe6+ 1-0

[Event "WCPL1920"]
[Site "?"]
[Date "2019.12.01"]
[Round "2.3"]
[White "Miles, Richard"]
[Black "Saunders, Robert"]
[Result "1/2-1/2"]
[WhiteElo "1965"]
[BlackElo "2080"]
[Annotator "John"]
[PlyCount "35"]
[EventDate "2019.10.??"]
[EventType "team-tourn"]
[EventCountry "WLS"]
[SourceVersionDate "2019.10.22"]
[WhiteTeam "Abergavenny"]
[BlackTeam "Nidum"]

{[%evp 0,32,34,34,30,-9,30,21,35,32,36,-20,-8,-34,-27,-51,55,55,92,50,69,41,43,
26,38,37,34,34,32,34,46,36,36,18,16]} 1. d4 Nf6 2. c4 c5 3. d5 b5 4. Nf3 Bb7 5.
Qc2 e6 6. e4 bxc4 7. Bxc4 exd5 8. exd5 d6 9. O-O Be7 10. Nc3 O-O 11. Qb3 Ba6
12. Re1 Bxc4 13. Qxc4 Nbd7 14. Qd3 Re8 15. h3 Qb6 16. Rb1 Bf8 17. Be3 a5 18. b3
1/2-1/2

[Event "WCPL1920"]
[Site "?"]
[Date "2019.12.01"]
[Round "2.4"]
[White "Jones, Ian Robert"]
[Black "Saunders, Walter N. R."]
[Result "1-0"]
[WhiteElo "1959"]
[BlackElo "1993"]
[PlyCount "61"]
[EventDate "2019.10.??"]
[EventType "team-tourn"]
[EventCountry "WLS"]
[SourceVersionDate "2019.10.22"]
[WhiteTeam "Nidum"]
[BlackTeam "Abergavenny"]

{[%evp 0,61,34,14,99,68,105,39,41,21,14,-2,42,9,45,29,31,6,31,42,82,43,43,58,
62,31,22,13,33,3,-3,-112,-16,-16,-16,-74,-22,-16,-1,-2,0,0,46,46,232,134,261,
310,320,184,237,237,237,233,284,259,526,277,838,829,1089,1322,29985,29986]} 1.
e4 g6 2. d4 Bg7 3. c3 d6 4. f4 Nf6 5. Bd3 c6 6. Nf3 O-O 7. O-O Na6 8. Na3 b5 9.
Nc2 Qb6 10. Qe2 Nc7 11. a4 a5 12. h3 b4 13. Be3 Ba6 14. c4 d5 15. Nd2 dxe4 16.
Nxe4 Nxe4 17. Bxe4 Nd5 18. b3 Nxe3 19. Qxe3 Rfd8 20. Rad1 Rac8 21. f5 c5 22.
fxg6 cxd4 23. gxf7+ Kh8 24. Qd3 Qh6 25. Rf5 e5 26. Qf3 Qe6 27. Rf1 Rf8 28. Qg4
Rc7 29. Rh5 Qxf7 30. Rxf7 Rcxf7 31. Qg6 1-0